[Event "Amplico ch-EUR Rapid"]
[Site "Warsaw POL"]
[Date "2012.12.15"]
[Round "1.39"]
[White "Buraczewski, Rafal"]
[Black "Markowski, Tomasz"]
[Result "0-1"]
[BlackTitle "GM"]
[WhiteElo "1751"]
[BlackElo "2558"]
[WhiteFideId "1155245"]
[BlackFideId "1105680"]
[EventDate "2012.12.15"]

1. Nf3 c5 2. e3 g6 3. d4 Bg7 4. c4 Nf6 5. Nc3 O-O 6. Bd3 cxd4 7. exd4 d5 8. Bg5
Nc6 9. cxd5 Nxd5 10. Be4 Be6 11. O-O h6 12. Bh4 Nxc3 13. bxc3 Bd5 14. Qe2 Rc8
15. Rab1 b6 16. Rfc1 Re8 17. Nd2 Qd7 18. Qf3 Bxe4 19. Nxe4 f5 20. Nd2 e5 21. d5
Na5 22. h3 e4 23. Qe2 Qxd5 24. c4 Qd3 25. Qxd3 exd3 26. Bg3 Re2 27. Bf4 g5 0-1

[Event "Amplico ch-EUR Rapid"]
[Site "Warsaw POL"]
[Date "2012.12.15"]
[Round "1.41"]
[White "Poswiatowski, Stanislaw"]
[Black "Papin, Vasily"]
[Result "0-1"]
[BlackTitle "GM"]
[WhiteElo "1747"]
[BlackElo "2561"]
[WhiteFideId "1180053"]
[BlackFideId "4143183"]
[EventDate "2012.12.15"]

1. d4 Nf6 2. Nf3 e6 3. c4 b6 4. Bg5 h6 5. Bf4 Ba6 6. e3 Nh5 7. Be5 d6 8. Bg3 g5
9. Be2 Bb7 10. O-O Nxg3 11. hxg3 h5 12. d5 e5 13. e4 Nd7 14. Nc3 Be7 15. b4 g4
16. Nh2 Bg5 17. f4 gxf3 18. Rxf3 Qe7 19. Nb5 Nf6 20. Qa4 Kd8 21. Raf1 Rh7 22.
Bd3 a6 23. Nc3 a5 24. c5 axb4 25. Qxb4 dxc5 26. Qb5 Ne8 27. Qb2 c4 28. Bxc4 Qc5+
29. Qf2 Qxc4 30. Rxf7 Rxf7 31. Qxf7 Qxc3 32. Nf3 Bf6 33. Qe6 Bc8 34. Qg8 Bg4 35.
Ng5 Qe3+ 0-1

[Event "Amplico ch-EUR Rapid"]
[Site "Warsaw POL"]
[Date "2012.12.15"]
[Round "1.42"]
[White "Yakovich, Yuri"]
[Black "Sawicki, Wojciech"]
[Result "1-0"]
[WhiteTitle "GM"]
[WhiteElo "2517"]
[BlackElo "1745"]
[WhiteFideId "4100654"]
[BlackFideId "1185551"]
[EventDate "2012.12.15"]

1. d4 Nf6 2. c4 c5 3. d5 b5 4. cxb5 a6 5. bxa6 g6 6. Nc3 Bxa6 7. g3 d6 8. Bg2
Bg7 9. Nf3 Nbd7 10. Rb1 O-O 11. O-O Qa5 12. Bd2 Rfb8 13. b3 Qc7 14. Re1 Nb6 15.
e4 Bd3 16. Rc1 Nfd7 17. Bg5 c4 18. Bxe7 Nc5 19. Bg5 Bxc3 20. Rxc3 Nxe4 21. Qxd3
cxd3 22. Rxc7 Nxg5 23. Nxg5 d2 24. Rd1 Rxa2 25. Kf1 Re8 26. Nxf7 Nc8 27. Nh6+
Kh8 28. Ng4 Ne7 29. Nf6 Rf8 30. Rxe7 Rxf6 31. Ke2 1-0

[Event "Amplico ch-EUR Rapid"]
[Site "Warsaw POL"]
[Date "2012.12.15"]
[Round "1.43"]
[White "Djogteva, Jekaterina"]
[Black "Tazbir, Marcin"]
[Result "0-1"]
[BlackTitle "IM"]
[WhiteElo "1789"]
[BlackElo "2555"]
[WhiteFideId "11603020"]
[BlackFideId "1122452"]
[EventDate "2012.12.15"]

1. e4 c5 2. Nc3 Nc6 3. f4 g6 4. Nf3 Bg7 5. Bc4 e6 6. d3 Nge7 7. a4 O-O 8. O-O d5
9. Ba2 Rb8 10. Qe1 Nb4 11. Qf2 Nxa2 12. Rxa2 b6 13. g4 d4 14. Ne2 f5 15. Qg3 Nc6
16. Bd2 a5 17. Rd1 Nb4 18. Bxb4 axb4 19. Nd2 fxg4 20. f5 e5 21. fxg6 h5 22. Nc4
Be6 23. b3 Rf3 24. Qe1 Qf6 25. Raa1 Bh6 26. Ng3 Bxc4 27. bxc4 Be3+ 28. Kh1 Bf2
29. Qd2 Rxg3 30. hxg3 Qf3+ 0-1

[Event "Amplico ch-EUR Rapid"]
[Site "Warsaw POL"]
[Date "2012.12.15"]
[Round "1.44"]
[White "Bryzgalin, Kirill"]
[Black "Dziodzio, Tomasz"]
[Result "1-0"]
[WhiteTitle "GM"]
[WhiteElo "2485"]
[BlackElo "1738"]
[WhiteFideId "4133285"]
[BlackFideId "1115022"]
[EventDate "2012.12.15"]

1. e4 c5 2. Nf3 d6 3. d4 cxd4 4. Nxd4 Nf6 5. f3 Nc6 6. c4 e5 7. Nc2 Be6 8. Nc3
Be7 9. Be3 O-O 10. Be2 Rc8 11. Qd2 Na5 12. b3 Nc6 13. O-O a5 14. Rfd1 Qc7 15.
Na3 Rfd8 16. Nab5 Qb8 17. Bb6 Rd7 18. Bf1 h6 19. Nd5 Bxd5 20. cxd5 Nb4 21. Bxa5
Na6 22. g3 Nc7 23. Bxc7 Rdxc7 24. Nxc7 Rxc7 25. Rdc1 Rd7 26. Bh3 Rd8 27. Qa5 Rf8
28. Kg2 Nh7 29. Qc7 Bg5 30. Qxb8 Rxb8 31. Rc8+ Rxc8 32. Bxc8 b6 33. Kf2 Bd2 34.
Ke2 Bb4 35. a3 Bc5 36. b4 Bd4 37. Ra2 Kf8 38. Kd3 Ke8 39. Rc2 Kd8 40. Bf5 Nf6
41. Rc8+ Ke7 42. Rc7+ Ke8 43. a4 g6 44. Bh3 1-0

[Event "Amplico ch-EUR Rapid"]
[Site "Warsaw POL"]
[Date "2012.12.15"]
[Round "1.45"]
[White "Sidabras, Jonas"]
[Black "Popov, Valerij"]
[Result "0-1"]
[BlackTitle "GM"]
[WhiteElo "1628"]
[BlackElo "2557"]
[WhiteFideId "12806048"]
[BlackFideId "4119410"]
[EventDate "2012.12.15"]

1. d4 Nf6 2. c4 e6 3. Nf3 d5 4. cxd5 exd5 5. Nc3 c6 6. Bg5 h6 7. Bh4 Bb4 8. a3
Bxc3+ 9. bxc3 Qa5 10. Qb3 Ne4 11. Rc1 Nd7 12. Qb4 Qxb4 13. cxb4 a5 14. e3 Nd6
15. Bg3 Nc4 16. Bxc4 dxc4 17. Rxc4 axb4 18. Rxb4 Rxa3 19. O-O f6 20. Bd6 Kf7 21.
Rfb1 Ra7 22. Nd2 Re8 23. Nb3 Re6 24. Bg3 b6 25. Nc1 c5 26. dxc5 bxc5 27. R4b2
Rea6 28. Kf1 Ke6 29. Ke2 Ra3 30. Nd3 Ba6 31. Rb3 Bc4 32. Rxa3 Rxa3 33. Rd1 Nb6
34. e4 Na4 35. Rd2 Rxd3 36. Rxd3 Nb2 37. f4 Bxd3+ 38. Ke3 g6 39. Be1 Bf1 40. Bc3
Na4 41. Bd2 Bxg2 42. e5 fxe5 43. fxe5 g5 44. Kf2 Bd5 45. h4 gxh4 46. Bxh6 Kxe5
47. Bg5 h3 48. Kg3 Be6 49. Bf4+ Ke4 50. Bd6 c4 51. Bf8 c3 52. Bh6 c2 53. Bf4 h2
54. Kxh2 Kxf4 55. Kg2 c1=Q 56. Kf2 Qd2+ 57. Kg1 Kg3 58. Kf1 Qf2# 0-1

[Event "Amplico ch-EUR Rapid"]
[Site "Warsaw POL"]
[Date "2012.12.15"]
[Round "1.46"]
[White "Gritsak, Orest"]
[Black "Vdovenko, Volodymyr"]
[Result "1-0"]
[WhiteTitle "GM"]
[WhiteElo "2549"]
[BlackElo "1734"]
[WhiteFideId "14102188"]
[BlackFideId "14110938"]
[EventDate "2012.12.15"]

1. Nf3 d5 2. d4 Bg4 3. Ne5 Nf6 4. Nxg4 Nxg4 5. e4 h5 6. e5 e6 7. c3 c5 8. Be2
Qh4 9. g3 Qd8 10. Bxg4 hxg4 11. Qxg4 cxd4 12. cxd4 Qa5+ 13. Nc3 Nc6 14. O-O Bb4
15. Ne2 g6 16. Bg5 Be7 17. Bxe7 Nxe7 18. Rfc1 Qd2 19. Rc7 Nf5 20. Rac1 Kd8 21.
h4 b6 22. Rxf7 Rc8 23. Qg5+ Qxg5 24. Rxc8+ Kxc8 25. hxg5 a5 26. g4 Nh4 27. f3 b5
28. Kf2 a4 29. Nf4 b4 30. Nxe6 Kb8 31. Rf8+ Rxf8 32. Nxf8 1-0

[Event "Amplico ch-EUR Rapid"]
[Site "Warsaw POL"]
[Date "2012.12.15"]
[Round "1.48"]
[White "Jaracz, Pawel"]
[Black "Mockun, Dawid"]
[Result "1-0"]
[WhiteTitle "GM"]
[WhiteElo "2548"]
[BlackElo "1732"]
[WhiteFideId "1102222"]
[BlackFideId "1149270"]
[EventDate "2012.12.15"]

1. e4 e6 2. d4 d5 3. Nd2 Nf6 4. e5 Nfd7 5. f4 c5 6. Ngf3 Nc6 7. Nb3 Qb6 8. c3 a5
9. a4 cxd4 10. Nfxd4 Nxd4 11. Nxd4 Nc5 12. Be3 Qxb2 13. Nb5 Na6 14. Bd3 Qxg2 15.
Rg1 Qxh2 16. Qg4 Rg8 17. Nd6+ Kd7 18. Rc1 Bxd6 19. exd6 Kxd6 20. Rc2 Qh6 21. Bd4
f6 22. Qg3 Nc5 23. Bxc5+ Kxc5 24. Rh2 1-0

[Event "Amplico ch-EUR Rapid"]
[Site "Warsaw POL"]
[Date "2012.12.15"]
[Round "1.49"]
[White "Antolak, Julia"]
[Black "Maiorov, Nikita1"]
[Result "0-1"]
[BlackTitle "GM"]
[WhiteElo "1729"]
[BlackElo "2541"]
[WhiteFideId "1159569"]
[BlackFideId "13501720"]
[EventDate "2012.12.15"]

1. e4 e5 2. Nf3 Nc6 3. Nc3 Nf6 4. Bb5 Bd6 5. O-O O-O 6. Re1 Re8 7. d3 a6 8. Ba4
Bf8 9. Bg5 h6 10. Bh4 b5 11. Bb3 Be7 12. d4 exd4 13. Nxd4 Nxd4 14. Qxd4 c5 15.
Qd3 c4 16. Bxc4 bxc4 17. Qxc4 Bb7 18. Rad1 Ng4 19. Bxe7 Qxe7 20. Qd4 Qe5 21.
Qxe5 Nxe5 22. f4 Nc4 23. Rxd7 Bc6 24. Rc7 Rec8 25. Rxc8+ Rxc8 26. b3 Na3 27. Re2
Bb7 28. Nd5 Rxc2 29. Rxc2 Nxc2 30. Nc3 Kf8 31. Kf2 Ke7 32. Ke2 Kd6 33. Kd2 Na3
34. Kd3 f6 35. g4 g5 36. fxg5 hxg5 37. Ne2 Ke5 38. Ng3 Nb5 39. h3 Nd6 40. a4 a5
41. Ne2 Ba6+ 42. Ke3 Bxe2 43. Kxe2 Kxe4 0-1

[Event "Amplico ch-EUR Rapid"]
[Site "Warsaw POL"]
[Date "2012.12.15"]
[Round "2.2"]
[White "Gasik, Piotr"]
[Black "Shirov, Alexei"]
[Result "0-1"]
[BlackTitle "GM"]
[WhiteElo "2120"]
[BlackElo "2708"]
[WhiteFideId "1104381"]
[BlackFideId "2209390"]
[EventDate "2012.12.15"]

1. c4 e5 2. Nf3 e4 3. Nd4 Nc6 4. Nxc6 dxc6 5. d4 c5 6. d5 Bd6 7. Nc3 f5 8. g3
Nf6 9. Bg2 O-O 10. O-O Bd7 11. f3 exf3 12. exf3 f4 13. g4 Nxg4 14. fxg4 f3 15.
Bxf3 Qh4 16. Qe2 Rae8 17. Ne4 Rxf3 18. Rxf3 Qxg4+ 19. Qg2 Qxe4 20. Bd2 Qxc4 21.
Bc3 Qg4 22. Re1 Rxe1+ 23. Bxe1 Qd4+ 24. Rf2 c4 25. Bc3 Qd1+ 26. Rf1 Qg4 27. Kh1
g6 28. Qf3 Qxf3+ 29. Rxf3 Bf5 30. Re3 Kf7 31. Kg2 b5 32. Bd4 a5 33. b3 cxb3 34.
axb3 a4 35. bxa4 bxa4 36. Be5 Ke7 37. Bb2+ Kd7 38. Ba3 Bc2 39. Kf3 Bb3 40. Bxd6
Bxd5+ 41. Kf4 Kxd6 42. h4 c5 43. Ra3 Bb3 44. Ke4 c4 45. Kd4 Ke6 46. Ra1 Kf5 47.
Rg1 a3 48. Rg5+ Kf4 49. Ra5 a2 50. Ra7 Kg4 51. Kc3 h5 52. Kb2 Kxh4 53. Rg7 g5
54. Re7 g4 55. Rh7 g3 0-1

[Event "Amplico ch-EUR Rapid"]
[Site "Warsaw POL"]
[Date "2012.12.15"]
[Round "2.4"]
[White "Malec, Sebastian"]
[Black "Rublevsky, Sergei"]
[Result "1-0"]
[BlackTitle "GM"]
[WhiteElo "2119"]
[BlackElo "2688"]
[WhiteFideId "1170937"]
[BlackFideId "4115309"]
[EventDate "2012.12.15"]

1. e4 c5 2. Nf3 e6 3. d4 cxd4 4. Nxd4 a6 5. Nc3 Qc7 6. Bd3 Nf6 7. O-O Bc5 8. Nb3
Be7 9. Qe2 d6 10. Bd2 Nbd7 11. f4 b5 12. a4 b4 13. Na2 a5 14. Kh1 Qb8 15. Nd4
Bb7 16. c3 bxc3 17. Nxc3 O-O 18. Rae1 Nc5 19. Bc2 Rd8 20. Qf2 g6 21. f5 e5 22.
Ndb5 Ra6 23. Bg5 Rf8 24. Qh4 Qd8 25. Bb1 h5 26. Rf3 Kg7 27. Ref1 Ncd7 28. Rh3
Ng8 29. Bxe7 Qxe7 30. Qg3 Ngf6 31. Qe3 Ng4 32. Qe2 Qg5 33. Rhf3 Ndf6 34. h3 Rc6
35. Ba2 Qh4 36. Kg1 g5 37. Nd5 Rc5 38. Nxd6 Bxd5 39. exd5 Rd8 40. Nb7 Rdc8 41.
Nxc5 Rxc5 42. d6 Nh6 43. Qf2 Qxf2+ 44. R3xf2 e4 45. Rd1 Nd7 46. f6+ Kg6 47. Re2
Kxf6 48. Rxe4 Nf5 49. g4 Ng3 50. Re3 h4 51. Re7 Rc2 52. Rxf7+ Ke5 53. Rd5+ Ke4
54. Bb1 Kxd5 55. Bxc2 Kxd6 56. Kf2 Ne5 57. Rg7 Nh1+ 58. Kg2 Ng3 59. Rxg5 Nc4 60.
Kf2 Nh1+ 61. Kf3 Nd2+ 62. Ke2 Nc4 63. b3 Ne5 64. Ke3 Ng3 65. Rg8 Nc6 66. Rh8 Nb4
67. Bb1 Nd5+ 68. Kf2 Nc3 69. Bc2 Nge2 70. Rxh4 Nd4 71. Bd3 Nxb3 72. g5 Nc5 73.
Bc2 Ke5 74. Rc4 N3e4+ 75. Bxe4 Nxe4+ 76. Rxe4+ Kxe4 77. g6 1-0

[Event "Amplico ch-EUR Rapid"]
[Site "Warsaw POL"]
[Date "2012.12.15"]
[Round "2.7"]
[White "Riazantsev, Alexander"]
[Black "Pietocha, Pawel"]
[Result "1-0"]
[WhiteTitle "GM"]
[WhiteElo "2705"]
[BlackElo "2118"]
[WhiteFideId "4125029"]
[BlackFideId "1134647"]
[EventDate "2012.12.15"]

1. d4 c5 2. d5 e5 3. c4 d6 4. Nc3 Be7 5. g3 Bg5 6. e3 f5 7. Bg2 Nf6 8. f4 exf4
9. exf4 Bh6 10. Nf3 O-O 11. O-O Re8 12. Ng5 Bxg5 13. fxg5 Ng4 14. Bf4 Ne3 15.
Bxe3 Rxe3 16. Qd2 Re8 17. Rae1 g6 18. Rxe8+ Qxe8 19. Nb5 Qd8 20. Qf4 Nd7 21.
Qxd6 Qxg5 22. Qe6+ Kg7 23. Nc7 Rb8 24. Ne8+ Kf8 25. Re1 Ra8 26. h4 Qd8 27. d6
Nb6 28. Qe5 1-0

[Event "Amplico ch-EUR Rapid"]
[Site "Warsaw POL"]
[Date "2012.12.15"]
[Round "2.8"]
[White "Basencyan, Mark"]
[Black "Edouard, Romain"]
[Result "0-1"]
[BlackTitle "GM"]
[WhiteElo "2112"]
[BlackElo "2686"]
[WhiteFideId "13300725"]
[BlackFideId "633429"]
[EventDate "2012.12.15"]

1. d4 e6 2. c4 Bb4+ 3. Bd2 a5 4. Nf3 d6 5. Nc3 Nf6 6. Qc2 Nc6 7. e4 e5 8. d5 Nd4
9. Nxd4 exd4 10. Nb1 Qe7 11. f3 Nh5 12. Bxb4 axb4 13. Bd3 Qh4+ 14. Qf2 Nf4 15.
Bf1 Qf6 16. g3 Nh3 17. Bxh3 Bxh3 18. Nd2 d3 19. Nb3 d2+ 20. Kxd2 Qxb2+ 21. Ke1
Qxb3 0-1

[Event "Amplico ch-EUR Rapid"]
[Site "Warsaw POL"]
[Date "2012.12.15"]
[Round "2.9"]
[White "Fridman, Daniel"]
[Black "Vaicekauskas, Gytis"]
[Result "1-0"]
[WhiteTitle "GM"]
[WhiteElo "2667"]
[BlackElo "2113"]
[WhiteFideId "11600454"]
[BlackFideId "12805459"]
[EventDate "2012.12.15"]

1. d4 d5 2. Nf3 e6 3. g3 f5 4. Bg2 Nf6 5. O-O Bd6 6. c4 c6 7. Qc2 O-O 8. Nc3 Bd7
9. Rb1 b5 10. cxb5 cxb5 11. Bf4 Qb6 12. Bxd6 Qxd6 13. Ne5 a6 14. Rbc1 Nc6 15.
Nxd7 Nxd7 16. Nxb5 axb5 17. Qxc6 Qxc6 18. Rxc6 Rxa2 19. Rxe6 Nf6 20. Rxf6 1-0

[Event "Amplico ch-EUR Rapid"]
[Site "Warsaw POL"]
[Date "2012.12.15"]
[Round "2.11"]
[White "Sargissian, Gabriel"]
[Black "Krasenkova, Ilena"]
[Result "1-0"]
[WhiteTitle "GM"]
[BlackTitle "WIM"]
[WhiteElo "2666"]
[BlackElo "2136"]
[WhiteFideId "13300881"]
[BlackFideId "4119037"]
[EventDate "2012.12.15"]

1. d4 Nf6 2. Nf3 g6 3. c4 Bg7 4. Nc3 d5 5. e3 O-O 6. cxd5 Nxd5 7. Bc4 Nb6 8. Bb3
Nc6 9. O-O e5 10. d5 Na5 11. e4 Nxb3 12. axb3 Bg4 13. h3 Bd7 14. Bg5 f6 15. Be3
f5 16. Bc5 Rf7 17. Bxb6 cxb6 18. Qd3 a6 19. Rfd1 Rc8 20. Qe3 f4 21. Qe2 g5 22.
Nh2 Bf8 23. d6 Rc6 24. Rd5 Rxd6 25. Rxd6 Bxd6 26. Rd1 Bf8 27. Ng4 Qe8 28. Rxd7
Qxd7 29. Nxe5 Qe6 30. Nxf7 Qxf7 31. Nd5 b5 32. Qg4 h6 33. h4 Qg6 34. hxg5 Qxg5
35. Qe6+ Kg7 36. Qd7+ Kg8 37. Qxb7 f3 38. Ne3 Bc5 39. Qd5+ Qxd5 40. Nxd5 fxg2
41. Kxg2 Bd4 42. Nc7 Bxb2 43. Nxa6 Be5 44. Nc5 Kf7 45. Nd3 Bd4 46. f4 Kg6 47.
Kf3 h5 48. Nb4 Bc5 49. Nd5 Bd4 50. e5 Kf5 51. Ne3+ Ke6 52. Ke4 Bc5 53. f5+ Kf7
54. Nd5 h4 55. Kf3 Bd4 56. e6+ Kg7 57. Kg4 h3 58. Kxh3 Kh6 59. e7 1-0

[Event "Amplico ch-EUR Rapid"]
[Site "Warsaw POL"]
[Date "2012.12.15"]
[Round "2.12"]
[White "Kastelik, Adrian"]
[Black "Ragger, Markus"]
[Result "0-1"]
[BlackTitle "GM"]
[WhiteElo "2109"]
[BlackElo "2655"]
[WhiteFideId "1134701"]
[BlackFideId "1610856"]
[EventDate "2012.12.15"]

1. d4 d5 2. c4 c6 3. Nf3 Nf6 4. Nc3 dxc4 5. a4 Bf5 6. e3 e6 7. Bxc4 Bb4 8. O-O
O-O 9. Qe2 Nbd7 10. Rd1 Bg6 11. Bd2 Qe7 12. Bd3 Bh5 13. Ne4 Nxe4 14. Bxb4 Qxb4
15. Bxe4 Qe7 16. Bc2 e5 17. Qd3 f5 18. Nxe5 Nxe5 19. dxe5 Bxd1 20. Rxd1 Qxe5 21.
Qb3+ Kh8 22. Qxb7 a5 23. Qd7 Qxb2 24. Bxf5 Qf6 25. Bd3 Rad8 26. Qh3 Rxd3 27.
Rxd3 Qa1+ 0-1

[Event "Amplico ch-EUR Rapid"]
[Site "Warsaw POL"]
[Date "2012.12.15"]
[Round "2.13"]
[White "Istratescu, Andrei"]
[Black "Zilinskas, Vaidotas"]
[Result "1-0"]
[WhiteTitle "GM"]
[WhiteElo "2654"]
[BlackElo "2134"]
[WhiteFideId "1200372"]
[BlackFideId "12805483"]
[EventDate "2012.12.15"]

1. d4 d6 2. Nf3 g6 3. c4 Bg7 4. Nc3 Nc6 5. g3 Bg4 6. Bg2 Qc8 7. d5 Ne5 8. Nxe5
Bxe5 9. h3 Bd7 10. e4 Bg7 11. Be3 Nf6 12. Qd2 O-O 13. g4 c5 14. f4 a6 15. O-O h5
16. g5 Ne8 17. Kh2 b5 18. Rf3 bxc4 19. Bf1 Nc7 20. a4 Rb8 21. Bxc4 Qb7 22. b3
Qb4 23. Rc1 Qb7 24. Qd3 Kh7 25. Rcf1 Rbd8 26. f5 Be5+ 27. Bf4 Bxf4+ 28. Rxf4 Qb8
29. e5 dxe5 30. fxg6+ fxg6 31. Rf7+ 1-0

[Event "Amplico ch-EUR Rapid"]
[Site "Warsaw POL"]
[Date "2012.12.15"]
[Round "2.14"]
[White "Mierins, Eriks"]
[Black "Petrosian, Tigran L."]
[Result "0-1"]
[BlackTitle "GM"]
[WhiteElo "2105"]
[BlackElo "2648"]
[WhiteFideId "11603178"]
[BlackFideId "13301616"]
[EventDate "2012.12.15"]

1. e4 d6 2. d4 g6 3. Be3 Bg7 4. Nc3 a6 5. f3 b5 6. Qd2 Nd7 7. g4 Bb7 8. Bg2 c5
9. d5 Ne5 10. Qc1 Nc4 11. Bf2 Qa5 12. Ne2 Nf6 13. O-O Nd7 14. a4 b4 15. Nd1 Qc7
16. b3 Na5 17. Rb1 O-O 18. Qd2 e6 19. dxe6 fxe6 20. Bg3 Ne5 21. Ne3 Rad8 22.
Rbd1 g5 23. f4 gxf4 24. Nxf4 Qe7 25. Nh5 Nac6 26. Nxg7 Rxf1+ 27. Rxf1 Kxg7 28.
h3 Nd4 29. Qf2 Rf8 30. Qxf8+ Qxf8 31. Rxf8 Kxf8 32. Bxe5 dxe5 33. Kf2 h6 34. Nc4
Nxc2 35. Nxe5 Ke7 36. Nd3 c4 37. bxc4 a5 38. Nc5 Bc6 39. Ke2 e5 40. Kd2 Nd4 41.
h4 Kd6 42. Nd3 Bxa4 43. g5 hxg5 44. hxg5 Ne6 45. g6 Be8 46. g7 Nxg7 47. c5+ Ke6
48. Bh3+ Kf6 49. Bc8 Bc6 50. Nb2 Bxe4 51. Bd7 Ne6 52. c6 Nc7 53. Ke3 Bd5 54. Na4
Ke7 55. Nc5 Bg2 56. Kd3 Bf3 57. Kc4 Bd5+ 58. Kd3 Nb5 59. Kd2 e4 60. Ke3 b3 61.
Na4 Kd6 62. Nb2 Na3 63. Be8 Nc4+ 64. Nxc4+ Bxc4 65. Bg6 Bd3 0-1

[Event "Amplico ch-EUR Rapid"]
[Site "Warsaw POL"]
[Date "2012.12.15"]
[Round "2.16"]
[White "Zakrzewski, Marek"]
[Black "Erdos, Viktor"]
[Result "0-1"]
[BlackTitle "GM"]
[WhiteElo "2102"]
[BlackElo "2640"]
[WhiteFideId "1170694"]
[BlackFideId "719978"]
[EventDate "2012.12.15"]

1. e4 e5 2. Nc3 Nf6 3. Bc4 Nc6 4. d3 Na5 5. Nge2 c6 6. a4 Nxc4 7. dxc4 d6 8. Qd3
Be7 9. O-O Nd7 10. b3 Nc5 11. Qg3 g5 12. Be3 Ne6 13. c5 Nf4 14. cxd6 Bxd6 15.
Rad1 Qe7 16. f3 Rg8 17. Rd2 Bb4 18. Rdd1 Rg6 19. Qf2 Bh3 20. Na2 Bxg2 21. Nxb4
Nh3+ 22. Kxg2 Nxf2 23. Rxf2 Qxb4 24. Ng3 g4 25. Nf5 gxf3+ 26. Kxf3 Rd8 27. Rdf1
f6 28. h4 h5 29. Ng3 Rg4 30. Rh2 Rd7 31. c3 Rxg3+ 32. Kxg3 Qxe4 0-1

[Event "Amplico ch-EUR Rapid"]
[Site "Warsaw POL"]
[Date "2012.12.15"]
[Round "2.17"]
[White "Krasenkow, Michal"]
[Black "Warakomska, Anna"]
[Result "1-0"]
[WhiteTitle "GM"]
[BlackTitle "WF"]
[WhiteElo "2628"]
[BlackElo "2105"]
[WhiteFideId "1113100"]
[BlackFideId "1130790"]
[EventDate "2012.12.15"]

1. d4 Nf6 2. c4 e6 3. Nf3 Bb4+ 4. Nbd2 b6 5. a3 Bxd2+ 6. Bxd2 Ne4 7. Be3 Bb7 8.
g3 d6 9. Bg2 Nd7 10. O-O O-O 11. Ng5 d5 12. Nxe4 dxe4 13. Qc2 f5 14. f3 exf3 15.
exf3 e5 16. Rad1 f4 17. Bf2 Qg5 18. Rfe1 fxg3 19. Bxg3 Bxf3 20. Bxf3 Rxf3 21.
dxe5 Nc5 22. Qg2 Raf8 23. e6 Re3 24. Bxc7 Qxg2+ 25. Kxg2 Rxe6 26. Rxe6 Nxe6 27.
Bg3 Nf4+ 28. Kh1 Ne6 29. Rd7 Rf7 30. Rd6 Nc5 31. Kg2 Ne4 32. Rd8+ Rf8 33. Rxf8+
Kxf8 34. Bb8 a6 35. Ba7 Nd2 36. Bxb6 Nxc4 37. Bd4 Kf7 38. Kf3 g6 39. Kf4 h6 40.
a4 Ke6 41. Bg7 Kf7 42. Bc3 Ke6 43. b3 Nd6 44. b4 Kd5 45. Bg7 Nf5 46. Bf8 Kc4 47.
Ke5 Nd4 48. Kf6 Nf3 49. h3 g5 50. Kf5 h5 51. Be7 g4 52. Kf4 Nd4 53. h4 Nc6 54.
Bd6 Nxb4 55. Kg5 Nd5 56. Kxh5 Nf6+ 57. Kg6 Ne4 58. Bf4 g3 59. h5 g2 60. Be3 Kd3
61. Bg1 Nc5 62. Bxc5 1-0

[Event "Amplico ch-EUR Rapid"]
[Site "Warsaw POL"]
[Date "2012.12.15"]
[Round "2.18"]
[White "Gosciniak, Maria"]
[Black "Nyzhnyk, Illya"]
[Result "1-0"]
[WhiteTitle "WF"]
[BlackTitle "GM"]
[WhiteElo "2099"]
[BlackElo "2637"]
[WhiteFideId "1126814"]
[BlackFideId "14118084"]
[EventDate "2012.12.15"]

1. e4 c5 2. Nf3 d6 3. d4 cxd4 4. Nxd4 Nf6 5. Nc3 a6 6. Be3 e5 7. Nb3 Be6 8. f3
Nbd7 9. Qd2 Be7 10. O-O-O b5 11. g4 Rc8 12. Kb1 O-O 13. g5 Nh5 14. Rg1 Nb6 15.
Qf2 Nc4 16. Bxc4 bxc4 17. Nc1 f5 18. gxf6 Nxf6 19. N1e2 Rf7 20. Qg3 Rb8 21. Ka1
Qa5 22. Rb1 Qc7 23. Qe1 a5 24. f4 a4 25. f5 Bd7 26. a3 Bc6 27. Ng3 d5 28. exd5
Nxd5 29. Nxd5 Bxd5 30. Qc3 Bf3 31. Rbf1 Bf6 32. Rb1 Rd7 33. Nf1 Qd8 34. Nd2 e4
35. Qxc4+ Kh8 36. Nxe4 Bxe4 37. Qxe4 Qf8 38. Ka2 Re7 39. Qf3 Qf7+ 40. Ka1 Qc4
41. Qf4 Qxf4 42. Bxf4 Rb5 43. Bg5 Rxf5 1-0

[Event "Amplico ch-EUR Rapid"]
[Site "Warsaw POL"]
[Date "2012.12.15"]
[Round "2.19"]
[White "Tkachiev, Vladislav"]
[Black "Batkovskyte, Dominyka"]
[Result "1-0"]
[WhiteTitle "GM"]
[WhiteElo "2650"]
[BlackElo "2093"]
[WhiteFideId "618438"]
[BlackFideId "12803243"]
[EventDate "2012.12.15"]

1. d4 d5 2. c4 dxc4 3. e3 e6 4. Bxc4 c5 5. Nf3 a6 6. O-O Nf6 7. Bb3 Nc6 8. Nc3
Be7 9. Qe2 O-O 10. Rd1 Qc7 11. Bd2 Rd8 12. Rac1 Na5 13. Bc2 b6 14. b4 cxb4 15.
Nd5 Nxd5 16. Bxh7+ Kxh7 17. Rxc7 Nxc7 18. Bxb4 Bxb4 19. Ng5+ Kg6 20. Qc2+ Kxg5
21. Qxc7 Bd7 22. d5 Rac8 23. Qf4+ Kg6 24. Qxb4 Nc4 25. Qe7 Ba4 26. Rd4 Rxd5 27.
Rg4+ Kh7 28. h3 Ne5 29. Rxa4 a5 30. Rd4 Rdc5 31. Qh4+ Kg8 32. Rd8+ Rxd8 33.
Qxd8+ Kh7 34. Qxb6 Nd3 35. a4 Rc1+ 36. Kh2 Rc5 37. e4 Re5 38. Qd4 1-0

[Event "Amplico ch-EUR Rapid"]
[Site "Warsaw POL"]
[Date "2012.12.15"]
[Round "2.20"]
[White "Narmontas, Raimondas"]
[Black "Fedoseev, Vladimir3"]
[Result "0-1"]
[BlackTitle "GM"]
[WhiteElo "2073"]
[BlackElo "2514"]
[WhiteFideId "12801135"]
[BlackFideId "24130737"]
[EventDate "2012.12.15"]

1. e4 e5 2. d4 exd4 3. Qxd4 Nc6 4. Qe3 g6 5. Nc3 Bg7 6. Bd2 Nf6 7. O-O-O O-O 8.
h4 d5 9. exd5 Nxd5 10. Nxd5 Qxd5 11. Qb3 Qxb3 12. axb3 a5 13. Bc3 a4 14. Bxg7
Kxg7 15. bxa4 Rxa4 16. Bd3 Ne5 17. Ne2 Nxd3+ 18. cxd3 Rd8 19. h5 Bf5 20. hxg6
hxg6 21. Kc2 Rc4+ 22. Kb3 Rc6 23. d4 Bc2+ 24. Kb4 Bxd1 25. Rxd1 Rc2 0-1

[Event "Amplico ch-EUR Rapid"]
[Site "Warsaw POL"]
[Date "2012.12.15"]
[Round "2.21"]
[White "Socko, Bartosz"]
[Black "Pietruszewski, Marcin"]
[Result "1-0"]
[WhiteTitle "GM"]
[WhiteElo "2631"]
[BlackElo "2096"]
[WhiteFideId "1107038"]
[BlackFideId "1170295"]
[EventDate "2012.12.15"]

1. e4 c5 2. Nf3 e6 3. d4 cxd4 4. Nxd4 a6 5. Bd3 Nf6 6. Be3 d6 7. Nc3 Qc7 8. f3
Nbd7 9. Qd2 Be7 10. O-O-O b6 11. g4 Nc5 12. g5 Nfd7 13. h4 Bb7 14. h5 O-O-O 15.
Kb1 Kb8 16. Rc1 b5 17. b4 Ne5 18. Be2 Ncd7 19. Ndxb5 axb5 20. Nxb5 Qc6 21. Qd4
Ba6 22. Qa7+ Kc8 23. Nxd6+ 1-0